1001 things to spot in the town / (Record no. 387)

MARC details
000 -LEADER
fixed length control field 00880nam a22002417a 4500
001 - CONTROL NUMBER
control field 387
003 - CONTROL NUMBER IDENTIFIER
control field FISKH
005 - DATE AND TIME OF LATEST TRANSACTION
control field 20230405143337.0
008 - FIXED-LENGTH DATA ELEMENTS--GENERAL INFORMATION
fixed length control field 230405b cb ||||| |||| 00| 0 eng d
020 ## - INTERNATIONAL STANDARD BOOK NUMBER
International Standard Book Number 0439316413
040 ## - CATALOGING SOURCE
Original cataloging agency FISKH
Language of cataloging eng
Transcribing agency FISKH
Modifying agency FISKH
050 ## - LIBRARY OF CONGRESS CALL NUMBER
Classification number PE1449.M438
082 ## - DEWEY DECIMAL CLASSIFICATION NUMBER
Classification number 428.1
100 ## - MAIN ENTRY--PERSONAL NAME
Personal name Milbourne, Anna
Dates associated with a name 1972-
245 ## - TITLE STATEMENT
Title 1001 things to spot in the town /
Statement of responsibility, etc. Anna Milbourne illustrated by Teri Gower :
260 ## - PUBLICATION, DISTRIBUTION, ETC.
Place of publication, distribution, etc. New York :
Name of publisher, distributor, etc. Scholastic.
Date of publication, distribution, etc. 2001.
300 ## - PHYSICAL DESCRIPTION
Extent 31 pages.
Dimensions 28 cm.
505 ## - FORMATTED CONTENTS NOTE
Formatted contents note H
520 ## - SUMMARY, ETC.
Summary, etc. Each double page of this picture book invites youngsters to discover different types of towns. Simple text and colourful scenes bursting with things to spot combine to help children develop skills in reading, counting, matching and identification.
521 8# - TARGET AUDIENCE NOTE
Target audience note 500<br/>
Source Lexile estimate
521 8# - TARGET AUDIENCE NOTE
Target audience note H<br/>
Source Raz-Plus
942 ## - ADDED ENTRY ELEMENTS (KOHA)
Source of classification or shelving scheme Dewey Decimal Classification
Koha item type Books
Suppress in OPAC No
Holdings
Withdrawn status Lost status Source of classification or shelving scheme Damaged status Not for loan Collection Home library Current library Shelving location Date acquired Total Checkouts Full call number Barcode Date last seen Date last checked out Price effective from Koha item type
    Dewey Decimal Classification     Juvenile Fiction Footprints International School Library Network Toul Kork Campus Footprints International School Library Network Toul Kork Campus TK Primary Library Room(4th Floor), Bookcase 1&2, Shelves 1-16, Dark Blue Books 04/05/2023 8 MIL 428.1 PE1449.M438 FISTK02157 03/04/2026 02/11/2026 04/05/2023 Books